000 00435 a2200109 4500
001 ART_41626
005 20260410162023.0
008 260409a
245 1 0 _aLas nuevas reglas sobre propiedad intelectual y sus consecuencias para el comercio de tecnología
100 1 _aCorrea, Carlos María
773 0 _tRevista del derecho industrial
_gTransferencia de tecnología - Año XIII, Nº 37 (ene./abr. 1991)
_wREV41547
999 _c33312
_d33312